| 000 | 00420 a2200157 4500 | ||
|---|---|---|---|
| 999 |
_c320860 _d320860 |
||
| 001 | 85787 | ||
| 003 | NUST | ||
| 005 | 20180119203535.0 | ||
| 008 | 180119b xxu||||| |||| 00| 0 eng d | ||
| 020 | _a723812247370 | ||
| 082 | _a332.67 MIN | ||
| 100 |
_aS.L. Mintz ; Dana Dakin ; Thomas Willison _99178 |
||
| 245 | _aBeyond Wall Street : The Art of Investing | ||
| 250 | _a1st | ||
| 260 |
_aNew York _bJohn Wiley _c1998 |
||
| 300 | _axiii 266p. | ||
| 500 | _aGifted By AM Masood Akhtar | ||
| 942 |
_acaenust _cBK _k332.67 MIN _2ddc |
||